Международные стандарты учета и финансовой отчетности: учебное пособие

Bibliografische gegevens
Hoofdauteur: Мощенко Н. П. Наталия Павловна
Samenvatting:Рассмотрены проблемы сближения национальной системы формирования бухгалтерской отчетности с Международными стандартами финансовой отчетности (МСФО). Раскрыта экономическая сущность современных концепций учета и формирования финансовой отчетности. Выявлены концептуальные сходства и различия по трем системам формирования финансовой отчетности: ГААП США, МСФО, РСБУ. Приведен сравнительный анализ методов формирования и учета налогов на прибыль в МСФО 12 и ПБУ 18/02. Для студентов, обучающихся по специальности «Бухгалтерский учет, анализ и аудит»; может быть полезно бухгалтерам и аудиторам, изучающим и применяющим МСФО.
Taal:Russisch
Gepubliceerd in: Москва, Финансы и статистика, 2007
Onderwerpen:
Formaat: Boek
KOHA link:https://koha.lib.tpu.ru/cgi-bin/koha/opac-detail.pl?biblionumber=120670

MARC

LEADER 00000nam0a2200000 4500
001 120670
005 20231031125114.0
010 |a 9785279031375 
035 |a (RuTPU)RU\TPU\book\130666 
090 |a 120670 
100 |a 20070903d2007 m y0rusy50 ca 
101 0 |a rus 
102 |a RU 
105 |a y j 001zy 
200 1 |a Международные стандарты учета и финансовой отчетности  |e учебное пособие  |f Н. П. Мощенко 
210 |a Москва  |c Финансы и статистика  |d 2007 
215 |a 272 с. 
320 |a Словарь: с. 198-205. 
320 |a Библиография: с. 269-270. 
330 |a Рассмотрены проблемы сближения национальной системы формирования бухгалтерской отчетности с Международными стандартами финансовой отчетности (МСФО). Раскрыта экономическая сущность современных концепций учета и формирования финансовой отчетности. Выявлены концептуальные сходства и различия по трем системам формирования финансовой отчетности: ГААП США, МСФО, РСБУ. Приведен сравнительный анализ методов формирования и учета налогов на прибыль в МСФО 12 и ПБУ 18/02. Для студентов, обучающихся по специальности «Бухгалтерский учет, анализ и аудит»; может быть полезно бухгалтерам и аудиторам, изучающим и применяющим МСФО. 
610 1 |a бухгалтерский учет 
610 1 |a финансовая отчетность 
610 1 |a аудит 
610 1 |a международные стандарты 
610 1 |a учебные пособия 
675 |a 657.22(075.8)  |v 3 
675 |a 657.6(075.8)  |v 3 
700 1 |a Мощенко  |b Н. П.  |g Наталия Павловна 
801 1 |a RU  |b 63413507  |c 20070903  |g PSBO 
801 2 |a RU  |b 63413507  |c 20150403  |g PSBO 
900 |a Международные стандарты учета и финансовой отчетности 
942 |c BK 
951 |b 080109 
959 |a 52/20070831  |d 1  |e 90,00  |f ЧЗГЛ:1